| 000 | 00722nam a22002057a 4500 | ||
|---|---|---|---|
| 003 | OSt | ||
| 005 | 20221214080538.0 | ||
| 008 | 221214s2000 us a|||br|||| 00| j eng d | ||
| 020 | _a1884734715 | ||
| 040 |
_aCO-JMCR _cCO-JMCR |
||
| 041 | 0 | _aeng | |
| 082 | 0 | 4 |
_aA / _bCAIw |
| 100 | 1 |
_aCain, Janan, _eautora _942545 |
|
| 245 | 1 | 4 |
_aThe way I feel / _cwritten and illustrated by Janan Cain |
| 260 |
_aSeattle, Wash. : _bParenting Press, _c2000 |
||
| 300 |
_a[32] páginas : _bilustraciones a color ; _c27 cm |
||
| 520 | 3 | _aIllustrations and rhyming text portray children experiencing a range of emotions, including frustration, shyness, jealousy, and pride. | |
| 650 | 1 | 4 |
_aEmociones _vliteratura _942546 |
| 942 |
_2ddc _cBK |
||
| 999 |
_c29807 _d16191 |
||